000 00787nam a2200229Ia 4500
003 OSt
005 20220923222246.0
006 a|||||r|||| 00| 0
007 ta
008 220922b |||||||| |||| 00| 0 hin d
024 _a204,055
037 _cTextual
040 _aARTS
_cARTS
_bhin
041 _2hin
_ahin
082 _aO154:2M87:14, 152H8;1(=)
100 _aमुंशी, कन्हैयालाल; नागर, शिवचंद्रै, अनु.
_9166455
245 0 _aधृवस्वामिनी
246 _aDhṛuvaswāminī
260 _c1948
942 _hO154:2M87:14, 152H8;1(=)
_cTEXL
_2CC
999 _c354804
_d354804